书目信息 |
| 题名: |
硕果累累的瓜果世界
|
|
| 作者: | 谢宇 主编 | |
| 分册: | ||
| 出版信息: | 天津 天津科技翻译出版公司 2011 |
|
| 页数: | 184页 | |
| 开本: | 23cm | |
| 丛书名: | 植物科普馆 | |
| 单 册: | ||
| 中图分类: | S642-49 , S66-49 , S642 | |
| 科图分类: | ||
| 主题词: | 瓜类蔬菜--gua lei shu cai--青年读物 , 水果--shui guo--普及读物 | |
| 电子资源: | ||
| ISBN: | 978-7-5433-2869-3 | |
| 000 | 00887nam 2200277 450 | |
| 001 | 2330179337 | |
| 005 | 20231109093500.30 | |
| 010 | @a978-7-5433-2869-3@dCNY42.00 | |
| 100 | @a20110924d2011 am y0chiy50 ea | |
| 101 | 0 | @achi |
| 102 | @aCN@b120000 | |
| 105 | @aa z 000yy | |
| 200 | 1 | @a硕果累累的瓜果世界@Ashuo guo lei lei de gua guo shi jie@f谢宇主编 |
| 210 | @a天津@c天津科技翻译出版公司@d2011 | |
| 215 | @a184页@c彩图@d23cm | |
| 225 | 2 | @a植物科普馆@Azhi wu ke pu guan |
| 330 | @a本书除了告诉您常吃的水果和蔬菜具有哪些营养和功效外, 还对每一种水果和蔬菜做了全面、简洁的文字论述。 | |
| 410 | 0 | @12001 @a植物科普馆 |
| 606 | 0 | @a瓜类蔬菜@Agua lei shu cai@j青年读物 |
| 606 | 0 | @a水果@Ashui guo@j普及读物 |
| 690 | @aS642-49@v5 | |
| 690 | @aS66-49@v5 | |
| 690 | @aS642@v4 | |
| 701 | 0 | @a谢宇@Axie yu@4主编 |
| 801 | 0 | @aCN@b山东中教@c20230926 |
| 905 | @aZUCC@dS642@e1 | |
| 硕果累累的瓜果世界/谢宇主编.-天津:天津科技翻译出版公司,2011 |
| 184页:彩图;23cm.-(植物科普馆) |
| ISBN 978-7-5433-2869-3:CNY42.00 |
| 本书除了告诉您常吃的水果和蔬菜具有哪些营养和功效外, 还对每一种水果和蔬菜做了全面、简洁的文字论述。 |
| ● |
| 相关链接 |
|
|
|
正题名:硕果累累的瓜果世界
索取号:S642/1
 
预约/预借
| 序号 | 登录号 | 条形码 | 馆藏地/架位号 | 状态 | 备注 |
| 1 | 2000960087 | 2000960087 | 第四书库/四28架B面5层3列/ [索取号:S642/1] | 在馆 | |
| 2 | 2000960088 | 2000960088 | 第四书库/四28架B面5层3列/ [索取号:S642/1] | 在馆 | |
| 3 | 2000960089 | 2000960089 | 第四书库/四28架B面5层3列/ [索取号:S642/1] | 在馆 | |
| 4 | 2000960090 | 2000960090 | 第四书库/四28架B面5层3列/ [索取号:S642/1] | 在馆 | |
| 5 | 2000960091 | 2000960091 | 第四书库/四28架B面5层3列/ [索取号:S642/1] | 在馆 | |
| 6 | 2000960092 | 2000960092 | 第四书库/四28架B面5层3列/ [索取号:S642/1] | 在馆 |